Statistics for International Destinations from Austin

Click here to take the quiz!

General Stats

  • This quiz has been taken 124 times
  • The average score is 6 of 9

Answer Stats

CountryDestination% Correct
MexicoMexico City
97%
Canada Toronto
94%
Mexico Cancun
89%
GermanyFrankfurt
89%
MexicoGuadalajara
75%
UKLondon Heathrow
65%
UKLondon Gatwick
61%
Dominican RepublicPunta Cana
56%
Mexico Los Cabos
17%

Score Distribution

Percentile by Number Answered

Percent of People with Each Score

Your Score History

You have not taken this quiz